| 000 | 00633nam a22002177a 4500 | ||
|---|---|---|---|
| 003 | UA-OsUOA | ||
| 001 | 50740 | ||
| 007 | ta | ||
| 008 | 20071123b un ||||| |||| 00| 0 ukr d | ||
| 100 | _aДремина М.А. | ||
| 090 |
_a659 _bД-12 |
||
| 942 | _cSA | ||
| 040 |
_aUA-OsUOA _brus _cUA-OsUOA _dUA-OsUOA |
||
| 245 | _aМенеджмент персонала и PR | ||
| 300 | _aС.5-13 | ||
| 955 | _a0 | ||
| 041 | _arus | ||
| 080 | _a659 | ||
| 773 | 0 | _w50739 | |
| 650 | 7 |
_a659 Реклама. Система інформації. Громадська інформація та реклама (Паблик-Рилейшнз) _2UDC |
|
| 999 |
_c336832 _d336832 |
||